| Tag |
First Indicator |
Second Indicator |
Subfields |
| LEADER |
00000nam a2200000Ia 4500 |
| 001 |
in00004292575 |
| 005 |
20200810081142.0 |
| 006 |
m g d |
| 007 |
cr bn |||a|bb| |
| 008 |
851202s1685 enk o 00| | eng d |
| 035 |
|
|
|a (OCoLC)12861868
|
| 040 |
|
|
|a EAA
|c EAA
|d m/c
|d WaOLN
|
| 037 |
|
|
|a CL0037000032
|b ProQuest Information and Learning. 300 N. Zeeb Rd., Ann Arbor, MI 48106
|
| 041 |
1 |
|
|a eng
|h lat
|
| 049 |
|
|
|a UMIA
|
| 100 |
1 |
|
|a Jewel, John,
|d 1522-1571.
|
| 240 |
1 |
0 |
|a Apologia Ecclesiæ Angicanæ.
|l English
|
| 245 |
1 |
3 |
|a An apology for the Church of England /
|c written originally in Latine by ... John Jewel ... and newly made English from the most correct edition.
|
| 260 |
|
|
|a London :
|b Printed by R.R. :
|b and are to be sold by Randall Taylor,
|c 1685.
|
| 300 |
|
|
|a 1 online resource ([2], 98 pages)
|
| 336 |
|
|
|a text
|b txt
|2 rdacontent
|
| 337 |
|
|
|a computer
|b c
|2 rdamedia
|
| 338 |
|
|
|a online resource
|b cr
|2 rdacarrier
|
| 500 |
|
|
|a Reproduction of original in Union Theological Seminary Library, New York
|
| 510 |
4 |
|
|a Wing
|c J735
|
| 533 |
|
|
|a Electronic reproduction.
|b Ann Arbor, Mich. :
|c UMI,
|d 1999-
|f (Early English books online)
|n Digital version of: (Early English books, 1641-1700 ; 985:23)
|7 s1999 miun s
|
| 610 |
2 |
0 |
|a Church of England
|x Doctrines.
|
| 830 |
|
0 |
|a Early English books online.
|
| 856 |
4 |
0 |
|u http://proxy.library.tamu.edu/login?url=https://search.proquest.com/docview/2264187275
|z Connect to the full text of this electronic book
|t 0
|
| 999 |
f |
f |
|s c514f895-3f4c-358a-9558-865655efb16c
|i 7a7cf59e-1315-3ca2-b5fb-b9d600ae26f3
|t 0
|
| 952 |
f |
f |
|a Texas A&M University
|b College Station
|c Electronic Resources
|d Available Online
|t 0
|h No information provided
|
| 998 |
f |
f |
|t 0
|l Available Online
|